| 000 | 00600nam a22001577a 4500 | ||
|---|---|---|---|
| 003 | OSt | ||
| 005 | 20230313172400.0 | ||
| 008 | 151112b xxu||||| |||| 00| 0 eng d | ||
| 040 | _cRUA | ||
| 082 |
_aFOR _2LUY 2008 B135 Or.1 |
||
| 100 |
_93628 _aLUY, RATTANA. |
||
| 245 | _aStudy on the issue of forest and wildlife offend in pursat province, ការសិក្សាពីបទល្មើសព្រៃឈើ និងសត្វព្រៃក្នុងខេត្តពោធិ៍សាត់ | ||
| 260 |
_aPhnom Penh _bRUA _c2008 |
||
| 300 |
_axiii; 70p. _bill. _c29cm. |
||
| 942 |
_2ddc _cFOR |
||
| 999 |
_c3379 _d3379 |
||